MARC

LEADER 00000nam0a2200000 4500
001 298472
005 20231102001116.0
035 |a (RuTPU)RU\TPU\book\323615 
090 |a 298472 
100 |a 20150618d1971 d y0rusy50 ca 
101 0 |a rus 
102 |a RU 
105 |a a z 001ad 
200 1 |a Рассказы о русских композиторах  |f В. П. Россихина  |g под ред. Г. Р. Каримовой 
210 |a Москва  |c Детская литература  |d 1971 
215 |a 254 с.  |c ил. 
320 |a Словарь терминов: с. 248-253 
600 1 |a Глинка  |g Михаил Иванович  |c русский композитор  |f 1804-1857  |b М. И.  |2 stltpush  |3 (RuTPU)RU\TPU\pers\572 
600 1 |a Мусоргский  |b М. П.  |c русский композитор  |f 1839-1881  |g Модест Петрович  |2 stltpush  |3 (RuTPU)RU\TPU\pers\11059  |9 2434 
600 1 |a Бородин  |b А. П.  |c композитор, химик  |c профессор Военно-медицинской академии, член "Могучей кучки"  |f 1833-1887  |g Александр Порфирьевич  |2 stltpush  |3 (RuTPU)RU\TPU\pers\11057  |9 2432 
600 1 |a Римский-Корсаков  |b Н. А.  |c русский композитор  |f 1844-1908  |g Николай Андреевич  |2 stltpush  |3 (RuTPU)RU\TPU\pers\11060  |9 2435 
600 1 |a Чайковский  |g Петр Ильич  |b П. И.  |c русский композитор  |f 1840-1893  |2 stltpush  |3 (RuTPU)RU\TPU\pers\1137 
600 1 |a Рахманинов  |g Сергей Васильевич  |b С. В.  |c российский композитор  |c пианист  |c дирижер  |f 1873-1943  |2 stltpush  |3 (RuTPU)RU\TPU\pers\1121 
606 1 |a Композиторы  |2 stltpush  |3 (RuTPU)RU\TPU\subj\15032  |9 41330 
610 1 |a русские композиторы 
610 1 |a биографии 
610 1 |a музыкальное творчество 
610 1 |a музыкальные жанры 
675 |a 78.071.1  |v 4 
700 1 |a Россихина  |b В. П.  |g Вера Петровна 
702 1 |a Каримова  |b Г. Р.  |4 340 
801 1 |a RU  |b 63413507  |c 20150618 
801 2 |a RU  |b 63413507  |c 20210326  |g RCR 
942 |c BK